<?xml version="1.0" encoding="UTF-8"?>
<record
    xmlns:xsi="http://www.w3.org/2001/XMLSchema-instance"
    xsi:schemaLocation="http://www.loc.gov/MARC21/slim http://www.loc.gov/standards/marcxml/schema/MARC21slim.xsd"
    xmlns="http://www.loc.gov/MARC21/slim">

  <leader>00509nam a2200169   4500</leader>
  <controlfield tag="003">SEACOMEC</controlfield>
  <controlfield tag="005">20250502141849.0</controlfield>
  <controlfield tag="008">240824b        |||||||| |||| 00| 0 eng d</controlfield>
  <datafield tag="020" ind1=" " ind2=" ">
    <subfield code="a"> 9780070728578</subfield>
    <subfield code="c">375.00</subfield>
  </datafield>
  <datafield tag="040" ind1=" " ind2=" ">
    <subfield code="a">SEACOMEC</subfield>
  </datafield>
  <datafield tag="082" ind1=" " ind2=" ">
    <subfield code="a">670.285</subfield>
    <subfield code="b">Z85</subfield>
  </datafield>
  <datafield tag="100" ind1=" " ind2=" ">
    <subfield code="a"> Zeid,  Ibrahim</subfield>
  </datafield>
  <datafield tag="245" ind1=" " ind2=" ">
    <subfield code="a">CAD/CAM : Theory and Practice/</subfield>
    <subfield code="c"> Ibrahim Zeid and  R Sivasubramanian</subfield>
  </datafield>
  <datafield tag="250" ind1=" " ind2=" ">
    <subfield code="a">rev. 1st ed</subfield>
  </datafield>
  <datafield tag="260" ind1=" " ind2=" ">
    <subfield code="a">New Delhi</subfield>
    <subfield code="b">McGraw Hill Education</subfield>
    <subfield code="c">2007                                       </subfield>
  </datafield>
  <datafield tag="942" ind1=" " ind2=" ">
    <subfield code="c">BOOK</subfield>
  </datafield>
  <datafield tag="952" ind1=" " ind2=" ">
    <subfield code="0">0</subfield>
    <subfield code="1">0</subfield>
    <subfield code="2">ddc</subfield>
    <subfield code="4">0</subfield>
    <subfield code="7">0</subfield>
    <subfield code="a">SEACOMEC</subfield>
    <subfield code="b">SEACOMEC</subfield>
    <subfield code="d">2024-08-24</subfield>
    <subfield code="l">0</subfield>
    <subfield code="o">670.285 Z85</subfield>
    <subfield code="p">8173</subfield>
    <subfield code="r">2024-08-24 13:10:40</subfield>
    <subfield code="w">2024-08-24</subfield>
    <subfield code="y">BOOK</subfield>
  </datafield>
  <datafield tag="952" ind1=" " ind2=" ">
    <subfield code="0">0</subfield>
    <subfield code="1">0</subfield>
    <subfield code="2">ddc</subfield>
    <subfield code="4">0</subfield>
    <subfield code="7">0</subfield>
    <subfield code="a">SEACOMEC</subfield>
    <subfield code="b">SEACOMEC</subfield>
    <subfield code="d">2024-08-24</subfield>
    <subfield code="l">0</subfield>
    <subfield code="o">670.285 Z85</subfield>
    <subfield code="p">8174</subfield>
    <subfield code="r">2024-08-24 13:10:40</subfield>
    <subfield code="t">1</subfield>
    <subfield code="w">2024-08-24</subfield>
    <subfield code="y">BOOK</subfield>
  </datafield>
  <datafield tag="952" ind1=" " ind2=" ">
    <subfield code="0">0</subfield>
    <subfield code="1">0</subfield>
    <subfield code="2">ddc</subfield>
    <subfield code="4">0</subfield>
    <subfield code="7">0</subfield>
    <subfield code="a">SEACOMEC</subfield>
    <subfield code="b">SEACOMEC</subfield>
    <subfield code="d">2024-08-24</subfield>
    <subfield code="l">0</subfield>
    <subfield code="o">670.285 Z85</subfield>
    <subfield code="p">8175</subfield>
    <subfield code="r">2024-08-24 13:10:40</subfield>
    <subfield code="t">2</subfield>
    <subfield code="w">2024-08-24</subfield>
    <subfield code="y">BOOK</subfield>
  </datafield>
  <datafield tag="952" ind1=" " ind2=" ">
    <subfield code="0">0</subfield>
    <subfield code="1">0</subfield>
    <subfield code="2">ddc</subfield>
    <subfield code="4">0</subfield>
    <subfield code="7">0</subfield>
    <subfield code="a">SEACOMEC</subfield>
    <subfield code="b">SEACOMEC</subfield>
    <subfield code="d">2024-08-24</subfield>
    <subfield code="l">0</subfield>
    <subfield code="o">670.285 Z85</subfield>
    <subfield code="p">8176</subfield>
    <subfield code="r">2024-08-24 13:10:40</subfield>
    <subfield code="t">3</subfield>
    <subfield code="w">2024-08-24</subfield>
    <subfield code="y">BOOK</subfield>
  </datafield>
  <datafield tag="952" ind1=" " ind2=" ">
    <subfield code="0">0</subfield>
    <subfield code="1">0</subfield>
    <subfield code="2">ddc</subfield>
    <subfield code="4">0</subfield>
    <subfield code="7">0</subfield>
    <subfield code="a">SEACOMEC</subfield>
    <subfield code="b">SEACOMEC</subfield>
    <subfield code="d">2024-08-24</subfield>
    <subfield code="l">0</subfield>
    <subfield code="o">670.285 Z85</subfield>
    <subfield code="p">8177</subfield>
    <subfield code="r">2024-08-24 13:10:40</subfield>
    <subfield code="t">4</subfield>
    <subfield code="w">2024-08-24</subfield>
    <subfield code="y">BOOK</subfield>
  </datafield>
  <datafield tag="952" ind1=" " ind2=" ">
    <subfield code="0">0</subfield>
    <subfield code="1">0</subfield>
    <subfield code="2">ddc</subfield>
    <subfield code="4">0</subfield>
    <subfield code="7">0</subfield>
    <subfield code="a">SEACOMEC</subfield>
    <subfield code="b">SEACOMEC</subfield>
    <subfield code="d">2024-08-24</subfield>
    <subfield code="l">0</subfield>
    <subfield code="o">670.285 Z85</subfield>
    <subfield code="p">8178</subfield>
    <subfield code="r">2024-08-24 13:10:40</subfield>
    <subfield code="t">5</subfield>
    <subfield code="w">2024-08-24</subfield>
    <subfield code="y">BOOK</subfield>
  </datafield>
  <datafield tag="952" ind1=" " ind2=" ">
    <subfield code="0">0</subfield>
    <subfield code="1">0</subfield>
    <subfield code="2">ddc</subfield>
    <subfield code="4">0</subfield>
    <subfield code="7">0</subfield>
    <subfield code="a">SEACOMEC</subfield>
    <subfield code="b">SEACOMEC</subfield>
    <subfield code="d">2024-08-24</subfield>
    <subfield code="l">0</subfield>
    <subfield code="o">670.285 Z85</subfield>
    <subfield code="p">8179</subfield>
    <subfield code="r">2024-08-24 13:10:40</subfield>
    <subfield code="t">6</subfield>
    <subfield code="w">2024-08-24</subfield>
    <subfield code="y">BOOK</subfield>
  </datafield>
  <datafield tag="952" ind1=" " ind2=" ">
    <subfield code="0">0</subfield>
    <subfield code="1">0</subfield>
    <subfield code="2">ddc</subfield>
    <subfield code="4">0</subfield>
    <subfield code="7">0</subfield>
    <subfield code="a">SEACOMEC</subfield>
    <subfield code="b">SEACOMEC</subfield>
    <subfield code="d">2024-08-24</subfield>
    <subfield code="l">0</subfield>
    <subfield code="o">670.285 Z85</subfield>
    <subfield code="p">8180</subfield>
    <subfield code="r">2024-08-24 13:10:40</subfield>
    <subfield code="t">7</subfield>
    <subfield code="w">2024-08-24</subfield>
    <subfield code="y">BOOK</subfield>
  </datafield>
  <datafield tag="952" ind1=" " ind2=" ">
    <subfield code="0">0</subfield>
    <subfield code="1">0</subfield>
    <subfield code="2">ddc</subfield>
    <subfield code="4">0</subfield>
    <subfield code="7">0</subfield>
    <subfield code="a">SEACOMEC</subfield>
    <subfield code="b">SEACOMEC</subfield>
    <subfield code="d">2024-08-24</subfield>
    <subfield code="l">0</subfield>
    <subfield code="o">670.285 Z85</subfield>
    <subfield code="p">8181</subfield>
    <subfield code="r">2024-08-24 13:10:40</subfield>
    <subfield code="t">8</subfield>
    <subfield code="w">2024-08-24</subfield>
    <subfield code="y">BOOK</subfield>
  </datafield>
  <datafield tag="952" ind1=" " ind2=" ">
    <subfield code="0">0</subfield>
    <subfield code="1">0</subfield>
    <subfield code="2">ddc</subfield>
    <subfield code="4">0</subfield>
    <subfield code="7">0</subfield>
    <subfield code="a">SEACOMEC</subfield>
    <subfield code="b">SEACOMEC</subfield>
    <subfield code="d">2024-08-24</subfield>
    <subfield code="l">0</subfield>
    <subfield code="o">670.285 Z85</subfield>
    <subfield code="p">8182</subfield>
    <subfield code="r">2024-08-24 13:10:40</subfield>
    <subfield code="t">9</subfield>
    <subfield code="w">2024-08-24</subfield>
    <subfield code="y">BOOK</subfield>
  </datafield>
  <datafield tag="999" ind1=" " ind2=" ">
    <subfield code="c">1634</subfield>
    <subfield code="d">1634</subfield>
  </datafield>
</record>
